[Event "Titled Tue 1st Jul Early"]
[Site "chess.com INT"]
[Date "2025.07.01"]
[Round "9"]
[White "Oviedo Acosta, Paula"]
[Black "Vidruska, Renate"]
[Result "1-0"]
[WhiteTitle "WFM"]
[BlackTitle "WFM"]
[WhiteElo "1928"]
[BlackElo "2026"]
[WhiteFideId "3704394"]
[BlackFideId "11601841"]
[EventDate "2025.07.01"]

1. e4 e5 2. Nf3 Nf6 3. Nxe5 d6 4. Nf3 Nxe4 5. Nc3 Nxc3 6. dxc3 Be7 7. Be3 O-O 8.
Bc4 Nd7 9. Qd2 Ne5 10. Bb3 Nxf3+ 11. gxf3 a5 12. Bc4 Bf6 13. O-O-O Bd7 14. h4 b5
15. Bd3 b4 16. c4 Bc6 17. Be4 Qe8 18. Bd5 a4 19. Bd4 Bxd4 20. Qxd4 Bxd5 21. cxd5
b3 22. cxb3 axb3 23. a3 Qe2 24. Qc3 Qxf2 25. Rhg1 f6 26. Qxb3 Rab8 27. Qc3 Rb5
28. Rgf1 Qxh4 29. Rd4 Qh3 30. Qd3 Rc5+ 31. Kb1 Re8 32. Rg4 Re3 33. Qa6 Re8 34.
Rfg1 g6 35. Qd3 Qh5 36. Qd4 Rxd5 37. Qxf6 Qf5+ 38. Qxf5 Rxf5 39. Rc4 c5 40. Rd1
Re6 41. Rd3 h5 42. a4 g5 43. a5 h4 44. a6 Rf7 45. Rg4 Rg6 46. Ra3 Ra7 47. f4 h3
48. fxg5 h2 49. Rh3 Rxa6 50. Rxh2 d5 51. Rd2 Rad6 52. Kc2 Kg7 53. Kc3 d4+ 54.
Kc4 Rc6 55. b3 Kf7 56. Re2 Rgd6 57. Re5 d3 58. Rg1 d2 59. Rf1+ Kg6 60. Rd1 Rd4+
61. Kc3 Rc7 62. Rxc5 Rxc5+ 63. Kxd4 Rxg5 64. Rxd2 Kf6 65. Re2 Rg3 66. Kc4 Rg4+
67. Kc5 Rg5+ 68. Kc6 Rg1 69. b4 Rc1+ 70. Kb6 Rb1 71. b5 Kf7 72. Ka6 Ra1+ 73. Kb7
Rd1 74. b6 Rd7+ 75. Ka8 Rd8+ 76. Ka7 Rd1 77. b7 Ra1+ 78. Kb8 Kf8 79. Re4 Rc1 80.
Ka8 Ra1+ 81. Kb8 Rc1 82. Ka7 Ra1+ 83. Kb6 Rb1+ 84. Kc6 Rc1+ 85. Kb5 Rb1+ 86. Rb4 1-0

[Event "Titled Tue 1st Jul Early"]
[Site "chess.com INT"]
[Date "2025.07.01"]
[Round "9"]
[White "Tikhonov, Viacheslav"]
[Black "Jimenez Salas, Maria Teresa"]
[Result "0-1"]
[WhiteTitle "CM"]
[BlackTitle "WIM"]
[WhiteElo "2183"]
[BlackElo "2249"]
[WhiteFideId "44196407"]
[BlackFideId "3843866"]
[EventDate "2025.07.01"]

1. d4 d5 2. c4 c6 3. Nf3 Nf6 4. Nbd2 Bf5 5. Nh4 Be4 6. f3 Bg6 7. Qb3 Qb6 8. Nxg6
hxg6 9. e4 dxe4 10. Qxb6 axb6 11. Nxe4 Nbd7 12. Bd3 Nxe4 13. Bxe4 Nf6 14. Bc2 e6
15. O-O Bd6 16. g3 O-O-O 17. Be3 Rh5 18. Rad1 Rdh8 19. Rd2 Bb4 20. Rg2 Be7 21.
Re2 c5 22. Rd1 Rd8 23. Red2 cxd4 24. Rxd4 Rxd4 25. Bxd4 Bc5 26. a3 e5 27. Bf2
Bxf2+ 28. Kg2 Bc5 29. b4 Be7 30. h4 Rh8 31. Re1 Bd6 32. Rd1 Rd8 33. Bb3 Bc7 34.
Rxd8+ Kxd8 35. g4 e4 36. g5 exf3+ 37. Kxf3 Nd7 38. Ke4 Ke7 39. Bd1 f5+ 40. gxf6+
gxf6 41. Bf3 Ne5 42. Be2 Nf7 43. Kd5 Bg3 44. h5 g5 45. Ke4 Nh6 46. Bf3 g4 47.
Bg2 Kd6 48. Kd4 Kc7 49. Kd5 f5 50. Ke6 f4 51. Kf6 f3 52. Bh1 Bf4 53. Kg6 f2 54.
Bg2 g3 55. c5 Ng4 56. Kf5 Ne3+ 57. Kxf4 Nxg2+ 58. Kxg3 f1=Q 59. cxb6+ Kxb6 60.
b5 Qxb5 61. a4 Qxh5 62. Kf2 Nf4 63. a5+ Kxa5 64. Ke3 Ne6 65. Ke4 Kb5 66. Kd3 Kc5
67. Ke4 Qd5+ 68. Ke3 Qd4+ 69. Ke2 Ng5 70. Kf1 Qd2 71. Kg1 b5 72. Kf1 b4 73. Kg1
b3 74. Kf1 b2 75. Kg1 b1=R# 0-1

[Event "Titled Tue 1st Jul Early"]
[Site "chess.com INT"]
[Date "2025.07.01"]
[Round "9"]
[White "Hari, Madhavan N B"]
[Black "Kozak, Adam"]
[Result "0-1"]
[WhiteTitle "IM"]
[BlackTitle "GM"]
[WhiteElo "2365"]
[BlackElo "2589"]
[WhiteFideId "25054309"]
[BlackFideId "753246"]
[EventDate "2025.07.01"]

1. d4 Nf6 2. Nf3 d5 3. c4 e6 4. Nc3 c6 5. e3 Nbd7 6. Be2 Bd6 7. O-O O-O 8. b3 b6
9. Bb2 Bb7 10. Rc1 Qe7 11. Bd3 Rfd8 12. cxd5 exd5 13. Re1 c5 14. h3 Rac8 15. Bb1
Bb8 16. Ne2 Nf8 17. dxc5 bxc5 18. Nh4 Ne4 19. Nf5 Qg5 20. g4 d4 21. f4 Qf6 22.
exd4 Ng6 23. Bxe4 Bxe4 24. Neg3 Bxf5 25. Nxf5 Bxf4 26. Rc2 Qc6 27. Rxc5 Qb6 28.
Rxc8 Rxc8 29. Qe2 h6 30. Ba3 Qa5 31. Bc5 Bg5 32. b4 Qa3 33. Qh2 Nh4 34. Nxh4
Bxh4 35. Rf1 Re8 36. Qf4 Bf6 37. Kg2 Qxa2+ 38. Rf2 Qb3 39. Rf3 Re2+ 40. Rf2 Re3
41. Rf3 Qa2+ 42. Rf2 Qd5+ 43. Kh2 Rd3 44. Qf5 Qxf5 45. Rxf5 Bxd4 46. Bxd4 Rxd4
47. Ra5 Rd7 48. b5 Rb7 49. Ra6 f6 50. Kg3 Kh7 51. Kf4 Kg6 52. h4 h5 53. Kg3 Rxb5
54. gxh5+ Kxh5 55. Rxa7 Rb3+ 56. Kf4 Rb4+ 57. Kf5 Rg4 58. Ra1 Rg2 59. Rh1 Rf2+
60. Ke6 Rf4 61. Kf7 Rxh4 62. Rg1 Rg4 63. Rh1+ Kg5 64. Kxg7 f5 65. Kf7 Rg2 66.
Ke6 f4 67. Ke5 Kg4 68. Ke4 f3 69. Kd3 Kg3 70. Rh8 Ra2 71. Ke3 Ra3+ 72. Kd2 Ra7
73. Rg8+ Kf2 74. Rf8 Rd7+ 75. Kc2 Rd6 76. Kc1 Ke2 77. Re8+ Kf1 78. Rf8 f2 79.
Kc2 Rd5 80. Kc1 Ke2 81. Re8+ Kf3 82. Rf8+ Ke3 83. Re8+ Kf4 84. Rf8+ Rf5 85. Rd8
f1=Q+ 86. Rd1 Qe2 0-1

[Event "Titled Tue 1st Jul Early"]
[Site "chess.com INT"]
[Date "2025.07.01"]
[Round "9"]
[White "Eswaran, Ashritha"]
[Black "Plichta, Kamil"]
[Result "0-1"]
[WhiteTitle "FM"]
[BlackTitle "FM"]
[WhiteElo "2236"]
[BlackElo "2361"]
[WhiteFideId "2080788"]
[BlackFideId "1141830"]
[EventDate "2025.07.01"]

1. e4 g6 2. d4 Bg7 3. Nc3 c5 4. d5 d6 5. a4 Nf6 6. f4 O-O 7. Nf3 e6 8. dxe6 Bxe6
9. Bd3 d5 10. exd5 Nxd5 11. Nxd5 Bxd5 12. O-O Nc6 13. c3 c4 14. Be2 Qb6+ 15. Kh1
Rad8 16. Qc2 Rfe8 17. Bd1 Be4 18. Qe2 Bd3 19. Qf2 Bxf1 20. Qxf1 Na5 21. f5 Nb3
22. Bxb3 Qxb3 23. Bg5 Rc8 24. Nd4 Qxb2 25. f6 Bf8 26. Rc1 Rc5 27. Bf4 Qb6 28.
Bg3 Rh5 29. Qxc4 Bd6 30. Bxd6 Qxd6 31. h3 Qxf6 32. Rf1 Qe7 33. Rf3 Re5 34. Kh2
Re1 35. g3 h5 36. Kg2 a6 37. Qd5 Kg7 38. h4 Ra1 39. Kh2 Re1 40. Rf2 Re5 41. Qf3
b5 42. Nc6 Qc7 43. Nxe5 Rxe5 44. axb5 axb5 45. Qf6+ Kg8 46. Rd2 Re8 47. Rf2 Qe7
48. Qc6 Rb8 49. Qd5 Rb6 50. Ra2 Kg7 51. Rf2 f5 52. Rd2 Qe6 53. Qd4+ Kh7 54. Qd8
Rb7 55. Qa8 Re7 56. Qf3 Qe4 57. Qf2 Qe3 58. Qg2 Re4 59. Rd7+ Kh6 60. Kh3 f4 61.
Kh2 fxg3+ 62. Qxg3 Qxg3+ 63. Kxg3 Re3+ 64. Kf4 Rxc3 65. Rb7 Rc4+ 66. Ke5 Rxh4
67. Kf6 Rf4+ 68. Ke5 Rf5+ 69. Ke4 Kg5 70. Rb8 h4 71. Rg8 b4 72. Rb8 h3 73. Ke3
h2 74. Rh8 Rb5 75. Rxh2 b3 76. Rb2 Kf5 77. Kf3 g5 78. Kg3 Rb4 79. Rf2+ Ke4 80.
Kg4 Kd3+ 81. Kxg5 b2 82. Rf3+ Ke2 83. Rg3 b1=Q 84. Rg2+ Kf3 85. Rh2 Qg1+ 86. Kf5
Qxh2 0-1

[Event "Titled Tue 1st Jul Early"]
[Site "chess.com INT"]
[Date "2025.07.01"]
[Round "9"]
[White "Smirnov, Alexandr A."]
[Black "Fandi, Mazen"]
[Result "1/2-1/2"]
[WhiteTitle "FM"]
[BlackTitle "FM"]
[WhiteElo "2136"]
[BlackElo "2302"]
[WhiteFideId "24104396"]
[BlackFideId "7611625"]
[EventDate "2025.07.01"]

1. e4 c6 2. d4 d5 3. exd5 cxd5 4. Bd3 Nc6 5. c3 Nf6 6. h3 e5 7. dxe5 Nxe5 8. Bc2
Bd6 9. Nf3 O-O 10. O-O h6 11. Nbd2 Re8 12. Nxe5 Bxe5 13. Nf3 Bc7 14. Be3 Qd6 15.
Bd4 Ne4 16. Re1 Bd7 17. Qd3 Ng5 18. Rxe8+ Rxe8 19. g3 Ne4 20. h4 Bf5 21. Qb5 Re7
22. Re1 Nxg3 23. Rxe7 Qxe7 24. Bxf5 Nxf5 25. Qxd5 Nxh4 26. Nxh4 Qxh4 27. Qxb7
Qg4+ 28. Kf1 Bf4 29. Qe4 h5 30. c4 h4 31. Be3 Qd1+ 32. Kg2 Bxe3 33. Qxe3 Qg4+
34. Kh2 Qxc4 35. Qxa7 Qf4+ 36. Kg2 Qe4+ 37. Kh2 Qe5+ 38. Kh3 Qxb2 39. Kxh4 Qe5
40. Qe3 Qf6+ 41. Kg3 Qg6+ 42. Kf3 Qc6+ 43. Qe4 Qf6+ 44. Kg3 Qg5+ 45. Kf3 Qh5+
46. Ke3 Qg5+ 47. Kd3 Qb5+ 48. Qc4 Qf5+ 49. Kc3 Qxf2 50. a4 Qe3+ 51. Kb4 Qd2+ 52.
Kb5 Qb2+ 53. Kc6 Qf6+ 54. Kb7 Qe7+ 55. Kb6 Qd6+ 56. Qc6 Qb4+ 57. Kc7 Qe7+ 58.
Qd7 Qc5+ 59. Qc6 Qe7+ 60. Kb8 Qb4+ 61. Qb5 Qf4+ 62. Kc8 g5 63. a5 Qg4+ 64. Kb7
Qe4+ 65. Qc6 Qb4+ 66. Qb6 Qe7+ 67. Kb8 Qe8+ 68. Kb7 Qd7+ 69. Qc7 Qb5+ 70. Qb6
Qd7+ 71. Qc7 Qb5+ 72. Qb6 Qd7+ 1/2-1/2

[Event "Titled Tue 1st Jul Early"]
[Site "chess.com INT"]
[Date "2025.07.01"]
[Round "9"]
[White "Negrean, Andrei"]
[Black "Yonal, Timur"]
[Result "0-1"]
[WhiteTitle "FM"]
[BlackTitle "FM"]
[WhiteElo "2352"]
[BlackElo "2090"]
[WhiteFideId "1291513"]
[BlackFideId "44115725"]
[EventDate "2025.07.01"]

1. e4 c5 2. a3 Nc6 3. b4 e5 4. b5 Nd4 5. c3 Ne6 6. Nf3 Nf6 7. Qc2 d5 8. d3 Bd6
9. Nbd2 O-O 10. g3 Bc7 11. Bg2 c4 12. exd5 cxd3 13. Qxd3 Nc5 14. Qe3 e4 15. Qxc5
Bb6 16. Qc4 exf3 17. Bxf3 Re8+ 18. Kf1 Bh3+ 19. Bg2 Re1+ 20. Kxe1 Bxg2 21. Rg1
Bxd5 22. Qd3 Qe7+ 23. Kd1 Rd8 24. Qe2 Qc5 25. Kc2 Ba5 26. Bb2 Be6 27. Rad1 Rc8
28. Nb3 Qf5+ 29. Qd3 Bxb3+ 30. Kxb3 Qxf2 31. Rgf1 Qc5 32. Qf5 Qc4+ 33. Kc2 Bxc3
34. Bxc3 Qxc3+ 35. Kb1 Qb3+ 36. Ka1 Qxa3+ 37. Kb1 Qb4+ 38. Ka1 Qc3+ 39. Ka2 h6
40. Rc1 Qa5+ 41. Kb2 Qd2+ 42. Kb1 Re8 43. Qc2 Qb4+ 44. Qb2 Qe4+ 45. Qc2 Qb4+ 46.
Qb2 Qa5 47. Rc2 Ne4 48. Rd1 a6 49. Re2 Nc3+ 50. Qxc3 Qxc3 51. Rxe8+ Kh7 52. Red8
Qb3+ 53. Kc1 Qxb5 54. R8d2 Qc6+ 55. Rc2 Qf3 56. Rd7 b5 57. Rcc7 Kg6 58. Rd6+ f6
59. Rdd7 a5 60. Rxg7+ Kf5 61. Rc5+ Ke6 62. Rgc7 Qf2 63. R7c6+ Kd7 64. Rc7+ Ke6
65. R7c6+ Kf7 66. Rc7+ Kg6 67. R5c6 b4 68. g4 a4 69. Rc4 b3 70. h4 a3 71. h5+
Kg5 72. R7c5+ Kh4 73. g5+ Kxh5 74. g6+ Kxg6 75. Rg4+ Kf7 76. Rc7+ Ke6 77. Re4+
Kf5 78. Ree7 b2+ 79. Kb1 Qf1+ 80. Kc2 Qc1+ 81. Kd3 b1=Q+ 82. Kd4 Qbb2+ 83. Kd5
Qbd2# 0-1

[Event "Titled Tue 1st Jul Early"]
[Site "chess.com INT"]
[Date "2025.07.01"]
[Round "9"]
[White "Bluebaum, Matthias"]
[Black "Materia, Marco"]
[Result "1/2-1/2"]
[WhiteTitle "GM"]
[BlackTitle "IM"]
[WhiteElo "2660"]
[BlackElo "2493"]
[WhiteFideId "24651516"]
[BlackFideId "45150451"]
[EventDate "2025.07.01"]

1. d4 Nf6 2. c4 e6 3. Nc3 d5 4. cxd5 exd5 5. Bg5 Be7 6. e3 h6 7. Bh4 Bg4 8. Qc2
O-O 9. Bd3 Nbd7 10. h3 Be6 11. Nf3 c5 12. dxc5 Nxc5 13. O-O Rc8 14. Rac1 Qb6 15.
Nd4 Nxd3 16. Qxd3 Qxb2 17. Rc2 Qa3 18. Rfc1 Rc4 19. Ndb5 Qc5 20. Nd4 Rc8 21.
Nce2 Bd7 22. Bxf6 Bxf6 23. Nb3 Qc7 24. Rd2 Rxc1+ 25. Nexc1 Be6 26. Ne2 Qc4 27.
Nf4 Qxd3 28. Rxd3 Rc2 29. a4 Ra2 30. Nc5 Ra1+ 31. Kh2 Be5 32. Nxb7 g5 33. g3 Bf5
34. Rxd5 Be4 35. Rd8+ Kh7 36. Ng2 Bxb7 37. Rd7 Bxg2 38. Kxg2 Rxa4 39. Rxf7+ Kg6
40. Re7 Bf6 41. Rb7 a5 42. f4 Rb4 43. Ra7 a4 44. Ra6 Kf7 45. Kf3 h5 46. g4 hxg4+
47. hxg4 gxf4 48. exf4 Bb2 49. g5 a3 50. f5 Bc1 51. Ra7+ Ke8 52. g6 Rf4+ 53. Ke2
Rxf5 54. Ra8+ Ke7 55. g7 Rg5 56. g8=Q Rxg8 57. Rxg8 Bb2 58. Ra8 Kd6 59. Kd3 Kc5
60. Kc2 Kb4 61. Kb1 Kb3 62. Rb8+ Kc3 63. Ka2 Kc2 64. Rc8+ Kd3 65. Kb3 Kd4 66.
Rd8+ Kc5 67. Ra8 Kd5 68. Ra5+ Kd4 69. Ra6 Kc5 70. Ra4 Kb5 71. Ra8 Kc5 72. Rd8
Kc6 73. Rd1 Kc5 74. Rd7 Kc6 75. Ra7 Kd5 76. Kb4 Kd4 77. Rd7+ Ke3 78. Kb3 Ke4 79.
Re7+ Kd3 80. Rd7+ Ke4 81. Rd8 Ke3 82. Ra8 Kd4 83. Ra5 Kd3 84. Ra4 Ke3 85. Kc2
Ke2 86. Re4+ Kf3 87. Ra4 Ke3 88. Kb3 Kd3 89. Ka2 Kc3 90. Ra8 Kc4 91. Rg8 Kd4 92.
Rg3 Kc4 93. Rh3 Kd4 94. Kb3 Kc5 95. Rh5+ Kd4 96. Ra5 Kd3 97. Rxa3 Bxa3 1/2-1/2

[Event "Titled Tue 1st Jul Early"]
[Site "chess.com INT"]
[Date "2025.07.01"]
[Round "9"]
[White "Bristy, Mukherjee"]
[Black "Newansa, M Esandi"]
[Result "1-0"]
[WhiteTitle "WFM"]
[BlackTitle "WFM"]
[WhiteElo "2031"]
[BlackElo "1905"]
[WhiteFideId "25077325"]
[BlackFideId "9999060"]
[EventDate "2025.07.01"]

1. d4 d5 2. Nc3 Nf6 3. Bg5 c6 4. e3 Bf5 5. Qd2 e6 6. O-O-O Be7 7. Nf3 Qa5 8. Kb1
Nbd7 9. h3 Bb4 10. Bd3 Bxd3 11. cxd3 Bxc3 12. Qxc3 Qxc3 13. bxc3 h6 14. Bf4 Ke7
15. Kc2 Rhc8 16. Rb1 b5 17. Kd2 Nb6 18. Ne5 Nfd7 19. Rhc1 Nxe5 20. dxe5 a5 21.
f3 Nd7 22. e4 dxe4 23. fxe4 Nc5 24. Ke3 Rd8 25. d4 Na4 26. c4 b4 27. Bg3 Nc3 28.
Rb2 Rd7 29. Be1 Na4 30. Rb3 Rad8 31. Rd3 Nb6 32. c5 Na4 33. a3 Nb2 34. Rb3 bxa3
35. Bc3 Nc4+ 36. Ke2 a2 37. Rc2 a4 38. Rb4 Na3 39. Rxa2 Nb5 40. Ba1 Nxd4+ 41.
Ke3 Nb5 42. Rbxa4 Rd3+ 43. Kf2 R8d7 44. Ke2 Rd1 45. Ra6 Rg1 46. Kf2 Rb1 47. Rxc6
Rdd1 48. Rca6 Nc7 49. Ra7 Kd7 50. c6+ Kc8 51. Kg3 Rb8 52. Kh2 Rb4 53. Bc3 Rc4
54. Ba5 Rxc6 55. Bxc7 Rxc7 56. Ra8+ Kd7 57. Rg8 g6 58. Rg7 Ke7 59. Rf2 Ke8 60.
Rh7 h5 61. Rh8+ Ke7 62. Ra2 Re1 63. Raa8 Rxe4 64. Rhe8+ Kd7 65. Red8+ Kc6 66.
Rd6+ Kb5 67. Rb8+ Kc5 68. Ra6 Rxe5 69. Ra5+ Kd6 70. Rb6+ Rc6 71. Rxc6+ Kxc6 72.
Rxe5 Kd6 73. Re2 f6 74. Kg3 e5 75. Ra2 Ke6 76. Kf3 Kf5 77. Ra6 Kg5 78. Kg3 Kf5
79. Kf2 g5 80. Ra8 Kf4 81. Rh8 h4 82. Rf8 f5 83. Rg8 g4 84. hxg4 fxg4 85. Rh8
Kg5 86. Ke3 Kf5 87. Rxh4 Kg5 88. Rh8 Kf5 89. g3 Kg5 90. Ke4 Kf6 91. Rg8 Ke6 92.
Rxg4 1-0

[Event "Titled Tue 1st Jul Early"]
[Site "chess.com INT"]
[Date "2025.07.01"]
[Round "9"]
[White "Erdogmus, Yagiz Kaan"]
[Black "Rakhmanov, Aleksandr"]
[Result "1-0"]
[WhiteTitle "GM"]
[BlackTitle "GM"]
[WhiteElo "2626"]
[BlackElo "2585"]
[WhiteFideId "44599790"]
[BlackFideId "4173708"]
[EventDate "2025.07.01"]

1. e4 c5 2. b3 Nf6 3. e5 Nd5 4. Bb2 Nc6 5. Nf3 d6 6. Bb5 Bd7 7. exd6 e6 8. O-O
a6 9. Bc4 Nf4 10. g3 b5 11. Be2 Nxe2+ 12. Qxe2 Qb8 13. Ng5 Qxd6 14. Qh5 Qe7 15.
Nc3 g6 16. Qf3 Bg7 17. Nd5 Qxg5 18. Bxg7 Qxd5 19. Qxd5 exd5 20. Bxh8 Be6 21. Bf6
h5 22. Rfe1 Kd7 23. a3 a5 24. f3 a4 25. Rab1 b4 26. axb4 Nxb4 27. bxa4 Rxa4 28.
c3 Nd3 29. Re3 c4 30. Bd4 Ra2 31. Re2 Kc6 32. h4 Ra8 33. Rb6+ Kc7 34. Kg2 Kd7
35. Rb7+ Kc6 36. Ra7 Rb8 37. Ra1 Rb2 38. Be3 Kd7 39. Kg1 Kc6 40. Rh2 Kd7 41. Kf1
Bf5 42. Ke2 Ne5 43. Bd4 Bd3+ 44. Ke3 Nc6 45. Rhh1 Rb8 46. Kf2 Rb2 47. Rhd1 Nxd4
48. cxd4 Bf5 49. Ke2 Ke6 50. Rdc1 Ke7 51. Rc3 Be6 52. Ra7+ Kf6 53. Ra6 Rb1 54.
d3 Rb2+ 55. Ke3 cxd3 56. Rxd3 Kf5 57. Rd2 Rb3+ 58. Kf2 Rb4 59. Ra3 Rc4 60. Re3
Rb4 61. Re5+ Kf6 62. Ke3 Rc4 63. Kf4 Rb4 64. g4 hxg4 65. fxg4 Rb3 66. Re3 Rb1
67. Rf2 Rd1 68. g5+ Ke7 69. Ke5 Rh1 70. Rb2 Rxh4 71. Rb7+ Kf8 72. Rf3 Kg7 73.
Rf6 Re4+ 74. Kd6 Kf8 75. Rb8+ Kg7 76. Rb7 Kf8 77. Kc5 Rg4 78. Rb8+ Kg7 79. Rb7
Kf8 80. Rb8+ Kg7 81. Rb7 Rg3 82. Rxe6 Rxg5 83. Ree7 Rf5 84. Re5 Rf1 85. Kxd5 Kh6
86. Ree7 f5 87. Kd6 f4 88. d5 g5 89. Rf7 g4 90. Ke5 g3 91. Kf5 f3 92. Rh7# 1-0

[Event "Titled Tue 1st Jul Early"]
[Site "chess.com INT"]
[Date "2025.07.01"]
[Round "9"]
[White "Szalay-Ocsak, Bank"]
[Black "Przybylski, Bartosz"]
[Result "1/2-1/2"]
[WhiteTitle "FM"]
[BlackTitle "CM"]
[WhiteElo "2209"]
[BlackElo "2062"]
[WhiteFideId "784923"]
[BlackFideId "21878323"]
[EventDate "2025.07.01"]

1. a3 g5 2. c3 Bg7 3. d4 h6 4. e4 c5 5. dxc5 Na6 6. Be3 Qc7 7. Bd4 e5 8. Be3
Nxc5 9. Qc2 Nf6 10. f3 d5 11. Bb5+ Bd7 12. Bxd7+ Ncxd7 13. Ne2 O-O 14. exd5 Nxd5
15. Bf2 Rae8 16. O-O Kh8 17. c4 N5b6 18. Nbc3 Qxc4 19. Ng3 Nd5 20. Qf5 Nxc3 21.
bxc3 Qe6 22. Bxa7 b6 23. Rab1 Qc6 24. Rfd1 Re7 25. Qe4 Qxe4 26. fxe4 Nc5 27.
Bxb6 Ne6 28. Nf5 Rb7 29. a4 Rc8 30. Rb3 Nc5 31. Rb4 Nxa4 32. Rxa4 Rxb6 33. Ra7
Rbc6 34. Rdd7 Rf6 35. h3 Rxc3 36. Rxf7 Rxf7 37. Rxf7 Rc1+ 38. Kh2 Kg8 39. Rxg7+
Kf8 40. Rh7 Rc4 41. Rxh6 Rxe4 42. Rf6+ Kg8 43. Ne7+ Kg7 44. Ra6 Kf7 45. Nf5 Re2
46. Nh6+ Kg7 47. Ng4 e4 48. Kg3 Re1 49. Kf2 Rb1 50. Ne3 Rb2+ 51. Kg3 Re2 52.
Nf5+ Kf7 53. Nd6+ Ke7 54. Nf5+ Kf7 55. Nd4 Rd2 56. Ra4 Kf6 57. Nb3 Rd3+ 58. Kf2
Rxb3 59. Rxe4 Kf5 60. Re3 Rb2+ 61. Kg3 Rb8 62. Ra3 Kg6 63. Ra6+ Kh5 64. Ra3 Kg6
65. Kf3 Kh5 66. Ra7 Rb3+ 67. Kf2 Rb2+ 68. Kg3 Rb3+ 69. Kh2 Kg6 70. Ra6+ Kf5 71.
Rc6 Rb2 72. Rc5+ Kf4 73. Rc4+ Kf5 74. Rg4 Rb3 75. Kg1 Rb1+ 76. Kf2 Rb2+ 77. Ke3
Rb3+ 78. Ke2 Rb2+ 79. Kd3 Rb3+ 80. Kc4 Ra3 81. Kc5 Ra5+ 82. Kd6 Ra2 83. Ke7 Re2+
84. Kf7 Ra2 85. Kg7 Ra7+ 86. Kh6 Ra6+ 87. Kh5 Ra8 88. Rxg5+ Kf6 89. Rg6+ Kf5 90.
g4+ Kf4 91. Rh6 Ra3 92. Kg6 Ra6+ 93. Kg7 Ra7+ 94. Kg8 Ra8+ 95. Kf7 Ra7+ 96. Ke8
Ra8+ 97. Kd7 Kg5 98. Rh5+ Kg6 99. Kd6 Ra6+ 100. Kc7 Ra7+ 101. Kb6 Ra3 102. Kb5
Rc3 103. Kb4 Rc1 104. Rc5 Rb1+ 105. Kc4 Rh1 106. Rh5 Rd1 107. Rd5 Rh1 108. Rd3
Kg5 109. Rd5+ Kg6 110. Rh5 Rc1+ 111. Kd4 Re1 112. Re5 Rh1 113. Rh5 Re1 114. Kd3
Re8 115. Kd2 Re7 116. Kd3 Re8 117. Kd4 Re1 1/2-1/2

[Event "Titled Tue 1st Jul Early"]
[Site "chess.com INT"]
[Date "2025.07.01"]
[Round "10"]
[White "Csonka, Balazs"]
[Black "Sahakyan, Aleks"]
[Result "1-0"]
[WhiteTitle "IM"]
[BlackTitle "IM"]
[WhiteElo "2467"]
[BlackElo "2405"]
[WhiteFideId "742910"]
[BlackFideId "13316338"]
[EventDate "2025.07.01"]

1. Nf3 d5 2. d4 Nf6 3. Bf4 c5 4. e3 Nc6 5. Nbd2 cxd4 6. exd4 Bg4 7. c3 e6 8. Qb3
Bd6 9. Qxb7 Bxf4 10. Qxc6+ Ke7 11. Ne5 Bf5 12. Qb7+ Nd7 13. Nc6+ 1-0

[Event "Titled Tue 1st Jul Early"]
[Site "chess.com INT"]
[Date "2025.07.01"]
[Round "10"]
[White "Venskaya, Nika"]
[Black "Weerasekara, Dishal Nimsara"]
[Result "0-1"]
[WhiteTitle "WCM"]
[BlackTitle "FM"]
[WhiteElo "1926"]
[BlackElo "2104"]
[WhiteFideId "13523503"]
[BlackFideId "9997431"]
[EventDate "2025.07.01"]

1. d4 Nf6 2. Nf3 e6 3. g3 d5 4. Bg2 Be7 5. O-O O-O 6. c4 dxc4 7. Qc2 a6 8. a4
Bd7 9. Qxc4 Bc6 10. Bg5 b5 11. Qc2 Be4 12. Qc1 Nbd7 13. axb5 axb5 14. Rxa8 Bxa8
15. Nc3 b4 16. Na4 Nb6 17. Nc5 Bxf3 18. Bxf3 Qxd4 19. Rd1 Qxc5 0-1

[Event "Titled Tue 1st Jul Early"]
[Site "chess.com INT"]
[Date "2025.07.01"]
[Round "10"]
[White "Aakash, G"]
[Black "Rogov, Matfey"]
[Result "0-1"]
[WhiteTitle "FM"]
[BlackTitle "FM"]
[WhiteElo "2126"]
[BlackElo "2348"]
[WhiteFideId "25644394"]
[BlackFideId "44191308"]
[EventDate "2025.07.01"]

1. d4 d5 2. c4 Nc6 3. Nf3 Bg4 4. cxd5 Bxf3 5. dxc6 Bxc6 6. Nc3 e6 7. e4 Bb4 8.
f3 f5 9. exf5 exf5 10. Bc4 Qe7+ 11. Kf2 O-O-O 12. d5 Qc5+ 13. Be3 Qxc4 14. Qc2
Bxc3 15. dxc6 Be1+ 0-1

[Event "Titled Tue 1st Jul Early"]
[Site "chess.com INT"]
[Date "2025.07.01"]
[Round "10"]
[White "Shakirov, Marat"]
[Black "Rubio, Lloyd"]
[Result "0-1"]
[WhiteTitle "FM"]
[WhiteElo "2167"]
[BlackElo "2167"]
[WhiteFideId "44118171"]
[BlackFideId "5210453"]
[EventDate "2025.07.01"]

1. d4 Nf6 2. c4 g6 3. Nc3 Bg7 4. e4 d6 5. Be2 O-O 6. Be3 e5 7. d5 a5 8. g4 Na6
9. h4 Nd7 10. h5 Ndc5 11. Qd2 Nb4 12. O-O-O Nxa2+ 13. Kb1 Nxc3+ 14. bxc3 Nxe4
15. Qc2 Nc5 16. Nh3 a4 17. Rdg1 c6 18. Ng5 Qb6+ 19. Ka1 Qb3 20. Qd2 Qa3+ 21. Kb1
Ra6 0-1

[Event "Titled Tue 1st Jul Early"]
[Site "chess.com INT"]
[Date "2025.07.01"]
[Round "10"]
[White "Tan, Zhongyi"]
[Black "Bristy, Mukherjee"]
[Result "1-0"]
[WhiteTitle "GM"]
[BlackTitle "WFM"]
[WhiteElo "2527"]
[BlackElo "2031"]
[WhiteFideId "8603642"]
[BlackFideId "25077325"]
[EventDate "2025.07.01"]

1. e4 b6 2. d4 Bb7 3. Bd3 e6 4. Qe2 c5 5. d5 Qc8 6. c4 e5 7. Nc3 Na6 8. f4 d6 9.
Nf3 f6 10. O-O exf4 11. Bxf4 Ne7 12. Bxd6 Ng6 13. Nb5 Qd7 14. e5 fxe5 15. Bxg6+
hxg6 16. Qxe5+ Kd8 17. Ng5 Rh5 18. Rxf8+ 1-0

[Event "Titled Tue 1st Jul Early"]
[Site "chess.com INT"]
[Date "2025.07.01"]
[Round "10"]
[White "Nguyen Hong Nhung"]
[Black "Newansa, M Esandi"]
[Result "1-0"]
[WhiteTitle "WFM"]
[BlackTitle "WFM"]
[WhiteElo "2227"]
[BlackElo "1905"]
[WhiteFideId "12412201"]
[BlackFideId "9999060"]
[EventDate "2025.07.01"]

1. e4 c6 2. d4 d5 3. f3 e6 4. Nc3 Bb4 5. Bf4 dxe4 6. fxe4 Qh4+ 7. g3 Qf6 8. Qd3
Ne7 9. O-O-O Bxc3 10. Qxc3 Nd7 11. Nf3 h6 12. Qa3 O-O 13. e5 Qf5 14. Bd3 Qg4 15.
h3 Qxf3 16. Bh7+ 1-0

[Event "Titled Tue 1st Jul Early"]
[Site "chess.com INT"]
[Date "2025.07.01"]
[Round "10"]
[White "Habans Aguerrea, Javier"]
[Black "Kim, Sergey"]
[Result "1-0"]
[WhiteTitle "IM"]
[BlackTitle "FM"]
[WhiteElo "2448"]
[BlackElo "2295"]
[WhiteFideId "24524689"]
[BlackFideId "13700570"]
[EventDate "2025.07.01"]

1. d4 Nf6 2. Bg5 g6 3. Bxf6 exf6 4. c4 h5 5. Nc3 h4 6. e3 f5 7. h3 d6 8. Nf3 Bg7
9. Bd3 O-O 10. O-O Re8 11. Rb1 Nd7 12. b4 Nf8 13. b5 Ne6 14. Nd5 Ng5 15. Nxg5
Qxg5 16. Nxc7 Bd7 17. Nxa8 Rxa8 18. Qf3 Rb8 19. a4 b6 20. a5 Be6 21. axb6 axb6
22. Ra1 Rd8 23. Ra6 d5 24. Rc1 dxc4 25. Bxc4 Rc8 26. Ra8 Qd8 27. Rxc8 Qxc8 28.
Qc6 1-0

[Event "Titled Tue 1st Jul Early"]
[Site "chess.com INT"]
[Date "2025.07.01"]
[Round "10"]
[White "Yatskar, Martin"]
[Black "Fikiet, Alex"]
[Result "0-1"]
[WhiteTitle "CM"]
[WhiteElo "2225"]
[BlackElo "2151"]
[WhiteFideId "34109676"]
[BlackFideId "2052717"]
[EventDate "2025.07.01"]

1. d4 d6 2. e4 Nf6 3. Nc3 g6 4. h3 Bg7 5. f4 O-O 6. Nf3 Nc6 7. Be3 e5 8. fxe5
dxe5 9. d5 Nd4 10. Bd3 Nxf3+ 11. Qxf3 c6 12. O-O-O cxd5 13. exd5 Qa5 14. Kb1 b5
15. d6 Be6 16. Bxb5 e4 17. Qe2 Rab8 18. Rd3 exd3 19. Qxd3 Nd5 20. Nxd5 Rxb5 21.
Ne7+ Kh8 22. b3 Qxa2+ 23. Kc1 Qa1+ 24. Kd2 Qxh1 25. Qxb5 Qxg2+ 26. Kc1 Qe4 27.
Bd2 Qh1+ 0-1

[Event "Titled Tue 1st Jul Early"]
[Site "chess.com INT"]
[Date "2025.07.01"]
[Round "10"]
[White "Vihaan Karthikeya N"]
[Black "Liashkevich, Lizaveta"]
[Result "0-1"]
[WhiteTitle "CM"]
[BlackTitle "WFM"]
[WhiteElo "2179"]
[BlackElo "2204"]
[WhiteFideId "25950673"]
[BlackFideId "13518658"]
[EventDate "2025.07.01"]

1. d4 d5 2. c4 e6 3. Nc3 Nf6 4. cxd5 exd5 5. Bg5 Be7 6. e3 c6 7. Bd3 O-O 8. Nge2
Nbd7 9. O-O Re8 10. Qc2 Nf8 11. Rae1 g6 12. f3 Ne6 13. Bh4 Bd7 14. e4 dxe4 15.
fxe4 Ng4 16. Bxe7 Qxe7 17. Ng3 Nxd4 18. Qd1 Qh4 19. h3 Qxg3 20. hxg4 Bxg4 21.
Be2 Nxe2+ 22. Nxe2 Qe3+ 23. Kh1 Rxe4 24. Rf6 Bxe2 25. Qd7 Rh4+ 0-1